Longman business English dictionary. (Record no. 1728)

MARC details
000 -LEADER
fixed length control field 00708nam a22002172 4500
001 - CONTROL NUMBER
control field 0000021100
005 - DATE AND TIME OF LATEST TRANSACTION
control field 20151021153051.0
008 - FIXED-LENGTH DATA ELEMENTS--GENERAL INFORMATION
fixed length control field 120111s xx 000 0 eng d
020 ## - INTERNATIONAL STANDARD BOOK NUMBER
International Standard Book Number 1405852593 :
040 ## - CATALOGING SOURCE
Original cataloging agency KABU
Transcribing agency KABU
245 10 - TITLE STATEMENT
Title Longman business English dictionary.
250 ## - EDITION STATEMENT
Edition statement New 2nd ed.
260 ## - PUBLICATION, DISTRIBUTION, ETC. (IMPRINT)
Place of publication, distribution, etc. Harlow, England :
Name of publisher, distributor, etc. Pearson Educ.,
Date of publication, distribution, etc. 2007.
300 ## - PHYSICAL DESCRIPTION
Extent ix, 593 p. +
Accompanying material 1 CD-ROM.
650 #0 - SUBJECT ADDED ENTRY--TOPICAL TERM
Topical term or geographic name as entry element Business
General subdivision Dictionaries.
-- 0000169675
650 #0 - SUBJECT ADDED ENTRY--TOPICAL TERM
Topical term or geographic name as entry element Commerce
Form subdivision Dictionaries.
-- 0000151266
650 #0 - SUBJECT ADDED ENTRY--TOPICAL TERM
Topical term or geographic name as entry element English language
Form subdivision Dictionaries
General subdivision Business English.
-- 0000181783
852 1# - LOCATION
-- p1470 KES
908 ## - PUT COMMAND PARAMETER (RLIN)
Put command parameter 120111
950 ## - LOCAL HOLDINGS (RLIN)
-- 1
Holdings
Withdrawn status Lost status Source of classification or shelving scheme Not for loan Home library Current library Date acquired Total Checkouts Full call number Barcode Date last seen Price effective from Koha item type
    Library of Congress Classification Not For Loan Kabarak, Main Campus Kabarak, Main Campus 21/10/2015   HF1001 .L66 2007 c. 1 20298 21/10/2015 21/10/2015 Reference
Designed with assistance from East African Informatics Ltd